LAW OF TORTS (Record no. 9579)

MARC details
000 -LEADER
fixed length control field 00294nam a22001457a 4500
003 - CONTROL NUMBER IDENTIFIER
control field SGT
082 ## - DEWEY DECIMAL CLASSIFICATION NUMBER
Classification number 346.03,KAP
100 ## - MAIN ENTRY--PERSONAL NAME
Personal name KAPOOR,S.K
245 ## - TITLE STATEMENT
Title LAW OF TORTS
250 ## - EDITION STATEMENT
Edition statement 8TH
260 ## - PUBLICATION, DISTRIBUTION, ETC. (IMPRINT)
Place of publication, distribution, etc ALLAHBAD
Name of publisher, distributor, etc CENTRAL LAW AGENCY
Year of Publication 2010
300 ## - PAGE DESCRIPTION
No. of Pages 556
650 ## - SUBJECT ADDED ENTRY--TOPICAL TERM
Topical term or geographic name as entry element TORTS
942 ## - ADDED ENTRY ELEMENTS (KOHA)
Source of classification or shelving scheme Dewey Decimal Classification
Koha item type Books
942 ## - ADDED ENTRY ELEMENTS (KOHA)
-- 10
Holdings
Withdrawn status Lost status Source of classification or shelving scheme Damaged status Not for loan Collection code Home library Current library Shelving location Date acquired Vendor Name Cost, normal purchase price SGTU Bill Number Total Checkouts Total Renewals Full call number Accession No. (Barcode) Date last seen Date last borrowed Bill Date Koha item type
    Dewey Decimal Classification     LAW SGT Science & Social Sciences Library SGT Science & Social Sciences Library Text Book 21/07/2016 SATYAM BOOKS 220.00 SGTU 985 13 1 346.03,KAP FL120 15/01/2025 07/01/2025 22/01/2014 Books
    Dewey Decimal Classification   Not For Loan LAW SGT Science & Social Sciences Library SGT Science & Social Sciences Library Reference Book 21/07/2016 SATYAM BOOKS 220.00 SGTU 985 1   346.03,KAP FL121 22/02/2022 22/02/2022 22/01/2014 Books
    Dewey Decimal Classification     LAW SGT Science & Social Sciences Library SGT Science & Social Sciences Library Text Book 21/07/2016 SATYAM BOOKS 220.00 SGTU 985 11   346.03,KAP FL122 24/10/2024 24/10/2024 22/01/2014 Books
    Dewey Decimal Classification     LAW SGT Science & Social Sciences Library SGT Science & Social Sciences Library Text Book 21/07/2016 SATYAM BOOKS 220.00 SGTU 985 8 1 346.03,KAP FL123 20/02/2025 31/12/2024 22/01/2014 Books
    Dewey Decimal Classification     LAW SGT Science & Social Sciences Library SGT Science & Social Sciences Library Text Book 21/07/2016 SATYAM BOOKS 220.00 SGTU 985 8   346.03,KAP FL124 06/03/2026 07/11/2025 22/01/2014 Books